Plaguicidas y el sistema immunológico: riesgos para la salud pública (Registro nro. 9136)

Detalles MARC
000 -CABECERA
Campo de control 005090000a22001690004500
090 ## - CLASIFICACIÓN LOCAL
Colección AR
Consecutivo 00033
041 0# - IDIOMA
Código de idioma para texto/pista de sonido o título separado
100 1# - ASIENTO PRINCIPAL--NOMBRE PERSONAL
Nombre personal Repetto, Robert
245 10 - MENCION DE TITULO
Título Plaguicidas y el sistema immunológico: riesgos para la salud pública
650 14 - ASIENTO SECUNDARIO DE MATERIA - TERMINO TEMATICO
Término temático o nombre geográfico como elemento de entrada Agroquímicos
650 14 - ASIENTO SECUNDARIO DE MATERIA - TERMINO TEMATICO
Término temático o nombre geográfico como elemento de entrada Salud pública
650 14 - ASIENTO SECUNDARIO DE MATERIA - TERMINO TEMATICO
Término temático o nombre geográfico como elemento de entrada Agricultura
650 14 - ASIENTO SECUNDARIO DE MATERIA - TERMINO TEMATICO
Término temático o nombre geográfico como elemento de entrada Producción de alimentos
700 1# - ASIENTO SECUNDARIO - NOMBRE PERSONAL
Nombre personal Baliga, Sanjay S.
773 1# - Item fuente:
Título World Resources Institute
Especificación de materiales 21
Paginas del Articulo 1-7
Lugar, editorial y fecha de publicación 1996
942 ## - ELEMENTOS ADICIONALES (KOHA)
Tipo de ítem Artículo
Existencias
Withdrawn status Lost status Sistema de Clasificación Damaged status No para préstamo Colección Ubicación Permanente Ubicación actual Fecha de adquisición Fuente de Valor Total Checkouts Número topográfico Inventario / Código de Barras Date last seen Ejemplar Price effective from Tipo de material
    Dewey Decimal Classification   No para Préstamo Hemeroteca Bogotá Bogotá 27/02/2015 CID Humboldt   AR 00033 Fuera de circulación 010254 25/03/2015 1 25/03/2015 Artículo